|
|
|
|
| LEADER |
00000nam a2200000 a 4500 |
| 001 |
UCY4605 |
| 003 |
CL-VaPUC |
| 005 |
20230331074320.0 |
| 008 |
950320e19890000CL |||||||||||||||||spa|d |
| 999 |
|
|
|c 232406
|d 232404
|
| 040 |
|
|
|c Pontificia Universidad Católica de Valparaíso
|
| 082 |
0 |
4 |
|a 333.31 HUE 1989
|2 21
|
| 100 |
|
|
|a Huerta Malbrán, María Antonieta
|e author
|9 319987
|
| 245 |
1 |
0 |
|a Otro agro para Chile: historia de la reforma agraria en el proceso social y político
|
| 260 |
|
|
|a Santiago, Chile
|b CESOC
|c 1989
|
| 300 |
|
|
|a 413 páginas
|
| 583 |
|
|
|a last modification
|c 20160901 11:32:15
|k Rodrigo Vera
|
| 650 |
|
0 |
|a REFORMA AGRARIA
|z CHILE
|9 256789
|
| 650 |
|
0 |
|a Historia de Chile siglo 20
|y SIGLO 20
|9 268145
|
| 650 |
|
7 |
|a POLITICA AGRARIA
|2 CL-VaPUC
|9 264314
|z CHILE
|
| 852 |
|
|
|a BIBCUR
|
| 942 |
|
|
|c BK
|2 ddc
|
| 945 |
|
|
|d 19950320 00:00:00
|a rbrito
|
| 952 |
|
|
|0 0
|1 0
|2 ddc
|4 0
|6 333_310000000000000_HUE_1989
|7 0
|8 A
|9 236759
|a BIBHIS
|b BIBHIS
|d 2019-11-15
|i 3067327
|l 3
|o 333.31 HUE 1989
|p 3067327
|r 2025-01-20
|s 2020-10-07
|t 1
|w 2019-11-15
|y BK
|k HIS
|